| 000 | 00521nam a2200181 i 4500 | ||
|---|---|---|---|
| 001 | 97098 | ||
| 003 | ES-MaACL | ||
| 005 | 20230906182033.0 | ||
| 007 | t| | ||
| 008 | 050706s1911 fr af |||| |dfre d | ||
| 080 | _a7Mantegna | ||
| 100 | 1 |
_aMantegna, Andrea. _976149 |
|
| 245 | 1 | 2 |
_aL'oeuvre de maître _b: tableaux gravures sur cuivre / _cAndrea Mantegna. |
| 260 |
_aParis : _bHachette, _c1911. |
||
| 300 |
_aLXIX, 190 p., lám. : _bil. ; _c24 cm. |
||
| 600 | 1 | 4 |
_aMantegna, Andrea. _976149 |
| 852 |
_aES-MaACL _jF-1645 |
||
| 999 |
_c97098 _d97098 |
||